000 00357nam a2200121Ia 4500
008 210430s9999 xx 000 0 und d
082 _a620.5 H2331 H
100 _aWilliam A Coddard
_952896
245 _aHandbook of Nano Science Engineering and Technology
_cWilliam A Coddard
260 _aBoca Raton
_bCRC Press
_c2003
300 _anil.
942 _cBK
_2ddc
999 _c562400
_d562400